<?xml version="1.0" encoding="UTF-8"?>
<record
    xmlns:xsi="http://www.w3.org/2001/XMLSchema-instance"
    xsi:schemaLocation="http://www.loc.gov/MARC21/slim http://www.loc.gov/standards/marcxml/schema/MARC21slim.xsd"
    xmlns="http://www.loc.gov/MARC21/slim">

  <leader>01335nam a2200289   4500</leader>
  <controlfield tag="003">OSt</controlfield>
  <controlfield tag="005">20260530113902.0</controlfield>
  <controlfield tag="008">260420b2001    mx a|||| |||| 00| 0 spa d</controlfield>
  <datafield tag="020" ind1=" " ind2=" ">
    <subfield code="a">9687478136</subfield>
  </datafield>
  <datafield tag="040" ind1=" " ind2=" ">
    <subfield code="a">ICI</subfield>
    <subfield code="b">spa</subfield>
    <subfield code="c">ICI</subfield>
  </datafield>
  <datafield tag="050" ind1=" " ind2="4">
    <subfield code="a">NK2014</subfield>
    <subfield code="b">M84</subfield>
  </datafield>
  <datafield tag="100" ind1="1" ind2=" ">
    <subfield code="a">Juan Bernardo Dolores Gonz&#xE1;lez </subfield>
    <subfield code="9">32358</subfield>
  </datafield>
  <datafield tag="111" ind1="2" ind2=" ">
    <subfield code="a">Muestra Internacional de Interiorismo Contemporaneo</subfield>
    <subfield code="9">32359</subfield>
  </datafield>
  <datafield tag="245" ind1="1" ind2="0">
    <subfield code="a"> Primera muestra internacional de interiorismo contemporaneo :</subfield>
    <subfield code="b"> Mexico /</subfield>
    <subfield code="c">Juan Bernardo Dolores Gonzalez, Guillermo Plazola Anguiano, curaduria ; autores publicacion, Gullermo Plazola Anguiano, Juan Bernardo Dolores Gonzalez ; investigacion y redaccion, Isaura Gonzalez Gottdiener</subfield>
  </datafield>
  <datafield tag="264" ind1=" " ind2="1">
    <subfield code="b">Plazola, </subfield>
    <subfield code="c">2001</subfield>
    <subfield code="a">M&#xE9;xico :</subfield>
  </datafield>
  <datafield tag="300" ind1=" " ind2=" ">
    <subfield code="a">136 p&#xE1;ginas</subfield>
    <subfield code="b">ilustraciones</subfield>
  </datafield>
  <datafield tag="336" ind1=" " ind2=" ">
    <subfield code="a">texto</subfield>
    <subfield code="2">rdacontent</subfield>
  </datafield>
  <datafield tag="337" ind1=" " ind2=" ">
    <subfield code="a">sin medio</subfield>
    <subfield code="2">rdamedia</subfield>
  </datafield>
  <datafield tag="338" ind1=" " ind2=" ">
    <subfield code="a">volumen</subfield>
    <subfield code="2">rdacarrier</subfield>
  </datafield>
  <datafield tag="500" ind1=" " ind2=" ">
    <subfield code="a"> Coedicion con: Dise&#xF1;o Contemporaneo Internacional, International Interior Design Association</subfield>
  </datafield>
  <datafield tag="650" ind1=" " ind2="4">
    <subfield code="a">Decoraci&#xF3;n de interiores </subfield>
    <subfield code="x">Exposiciones</subfield>
    <subfield code="z">M&#xE9;xico </subfield>
    <subfield code="9">32360</subfield>
  </datafield>
  <datafield tag="650" ind1=" " ind2="4">
    <subfield code="a"> Arquitectura de interiores</subfield>
    <subfield code="x">Exposiciones</subfield>
    <subfield code="z">M&#xE9;xico</subfield>
    <subfield code="9">32361</subfield>
  </datafield>
  <datafield tag="700" ind1="1" ind2=" ">
    <subfield code="a">Dolores Gonzalez, Juan Bernardo,</subfield>
    <subfield code="e">editor </subfield>
    <subfield code="9">32362</subfield>
  </datafield>
  <datafield tag="700" ind1="1" ind2=" ">
    <subfield code="a">Plazola Anguiano, Guillermo,</subfield>
    <subfield code="e">editor </subfield>
    <subfield code="9">32363</subfield>
  </datafield>
  <datafield tag="700" ind1="1" ind2=" ">
    <subfield code="a">Gonzalez Gottdiener, Isaura, </subfield>
    <subfield code="e">colaborador</subfield>
    <subfield code="9">32364</subfield>
  </datafield>
  <datafield tag="942" ind1=" " ind2=" ">
    <subfield code="2">lcc</subfield>
    <subfield code="c">BK</subfield>
  </datafield>
  <datafield tag="999" ind1=" " ind2=" ">
    <subfield code="c">11805</subfield>
    <subfield code="d">11805</subfield>
  </datafield>
</record>
